000 00355nam a2200133Ia 4500
008 240624s9999 xx 000 0 und d
041 _aeng
082 _a658.4012 LEV
100 _aLEVENSON ALEC
245 _aSTRATEGIC ANALYTICS ADVANCING STRATEGY E
260 _c2015
_aOakland
_bRead How You Want
300 _axxxiv, 334 p.; 23 cm.
365 _cRS
_b30
999 _c29839
_d29839